000
00236 a2200109 4500
001
194983
040
_c
Magnum
240
1
0
_a
Chapeuzinhos coloridos
_l
por
245
1
0
_a
Chapeuzinhos coloridos
697
_a
LITERATURA INFANTO
942
_c
BK
999
_c
194983
_d
194983